00722nam a22002057a 450000500170000001000140001702000110003103500130004203700130005508200100006810000280007824501020010626000390020827000360024730000270028350000400031094200240035099900170037495201250039120100804122956.0 aENG-98215 c120.00 aEN-81748 bDBAD/PUB a330.1 aSreekumar, P. K. 96011 aSociety and economy :cby P. K. Sreekumar,bunider the chalukyas of vatapi C. AD 500-C.AD 8010 / aKuppambDravidian Universityc2009 aSrinivasavanam bKuppame517425 axi, 193 p.b21cm (Pbk) aIncludes bibliographical references 2ddccENh330.1mSRE c39223d39223 001040718NFICaDBADbDBADd2010-08-04g120.00l0o330.1 SREpEN-81748r2010-08-04 00:00:00t1v120.00w2010-08-04yEN